EFL Cup names through the years - Statistics

General Stats
  • This quiz has been taken 1,187 times
  • The average score is 4 of 10
Answer Stats
Year Cup Name % Correct
2017 - Present Carabao Cup
90%
2003-2012 Carling Cup
64%
1960-1981 Football League Cup
55%
2016-2017 EFL Cup
43%
1981-1986 Milk Cup
41%
1992-1998 Coca-Cola Cup
32%
2012-2016 Capital One Cup
28%
1998-2003 Worthington Cup
20%
1986-1990 Littlewoods Challenge Cup
16%
1990-1992 Rumbelows Cup
16%
No matching quizzes found
Score Distribution
Percent of People with Each Score
Percentile by Number Answered
Your Score History
You have not taken this quiz